| Поле | Название | Значение |
| |
Тип записи |
a |
| |
Библиографический уровень |
m |
| 001 |
Контрольный номер |
RU/IS/BASE/358876836 |
| 005 |
Дата корректировки |
20201206204805.2 |
| 010 |
Индекс ISBN |
__ |
| a |
ISBN |
978-5-462-00994-5 |
| d |
Цена |
254-00 |
| 101 |
Язык документа |
0_ |
| a |
Язык текста |
rus |
| 200 |
Заглавие и сведения об ответственности |
1_ |
| a |
Заглавие |
Фигурки из теста и шоколада |
| f |
Первые сведения об ответственности |
[гл. ред. Т. Деревянко] |
| b |
Общее обозначение материала |
Текст |
| 210 |
Выходные данные |
__ |
| a |
Место издания |
М. |
| c |
Издательство |
АСТ-Пресс Книга |
| d |
Дата издания |
2010 |
| 215 |
Физическое описание |
__ |
| a |
Объем |
76, [4] с. |
| c |
Иллюстрации/тип воспроизводства |
ил. |
| 225 |
Серия |
__ |
| a |
Серия |
Золотая библиотека хозяйки |
| 330 |
Аннотация |
__ |
| a |
Аннотация |
Симпатичные фигурки из теста, шоколада, марципана способны превратить даже самое простое лакомство в изысканное и неповторимое. На страницах этой книги вы найдете целую коллекцию оригинальных идей по созданию сладких украшений, а подробные мастер-классы помогут вам претворить эти идеи в жизнь на своей кухне. Используя разные техники и разные продукты, вы сможете в любое время года удивлять своих близких и гостей кулинарной сказкой собственного сочинения! |
| 606 |
Тематические рубрики |
__ |
| a |
Основная рубрика |
Пищевые производства |
| 606 |
Тематические рубрики |
__ |
| a |
Основная рубрика |
Кондитерское производство |
| 610 |
Ключевые слова |
__ |
| a |
Ключевые слова |
тесто; дрожжевое тесто; песочное тесто; заварное тесто; меренга; бисквиты; декоративные изделия; изделия из теста; изделия из сахарного сиропа; сахарный сироп; грильяж; шоколад; марципановая масса; кремы; кондитерские кремы; мороженое; печенье; пирожные |
| 686 |
Индексы других классификаций |
__ |
| a |
Классификационный индекс |
36.86; ст36 |
| 702 |
Вторичная интеллектуальная ответственность |
_1 |
| a |
Фамилия |
Деревянко |
| b |
Имя |
Т. |
| 4 |
Код отношения |
Главный редактор |
| 801 |
Источник записи |
_0 |
| a |
Страна |
RU |
| b |
Организация |
Муниципальное бюджетное учреждение культуры "Централизованная библиотечная система" г. Сургут (Центральная городская библиотека им. А. С. Пушкина) |
| g |
Правила каталогизации |
КиК/Поспелова |
| 801 |
Источник записи |
_1 |
| a |
Страна |
RU |
| b |
Организация |
Муниципальное бюджетное учреждение культуры "Централизованная библиотечная система" г. Сургут (Центральная городская библиотека им. А. С. Пушкина) |
| g |
Правила каталогизации |
КиК/Поспелова |
| 852 |
Данные о местонахождении |
__ |
| j |
Шифр хранения |
36.86 |
| i |
Авторский знак |
Ф 49 |
| 901 |
Тип документа |
__ |
| t |
Тип документа |
m |
| 903 |
Характеристики (МАРС) |
__ |
| a |
Дата передачи |
20110516 |
| 990 |
Данные о заказе (DOS) |
__ |
| j |
Количество экземпляров (DOS) |
3 |
| t |
N записи в КСУ для И/У (DOS) |
201106 |